|
|
|
|
| LEADER |
01427nam a2200337 a 4500 |
| 001 |
38847 |
| 003 |
BD-DhAAL |
| 008 |
220605t1996 enka b 001 0 eng d |
| 999 |
|
|
|c 44305
|d 44305
|
| 010 |
|
|
|a 95047278
|
| 020 |
|
|
|a 0521557437 (pb)
|
| 020 |
|
|
|a 052155313X (hc)
|
| 040 |
|
|
|a DLC
|c DLC
|d DLC
|d BD-DhAAL
|
| 050 |
0 |
0 |
|a HB99.5
|b .E5 1996
|
| 082 |
0 |
0 |
|a 330
|2 20
|
| 245 |
0 |
0 |
|a Empirical studies in institutional change /
|c edited by Lee J. Alston, Thráinn Eggertsson, Douglass C. North.
|
| 260 |
|
|
|a Cambridge ;
|a New York :
|b Cambridge University Press,
|c 1996.
|
| 300 |
|
|
|a xi, 360 pages :
|b illustrations ;
|c 23 cm.
|
| 440 |
|
0 |
|a Political economy of institutions and decisions
|9 48921
|
| 504 |
|
|
|a Includes bibliographical references and index.
|
| 541 |
|
|
|a Donated By Akbar Ali Khan
|e 38847
|
| 650 |
|
0 |
|a Institutional economics.
|9 48922
|
| 650 |
|
0 |
|a Organizational change.
|9 48923
|
| 650 |
|
0 |
|a Economics.
|9 48924
|
| 700 |
1 |
|
|a Alston, Lee J.,
|d 1951-
|9 48925
|
| 700 |
0 |
|
|a Þráinn Eggertsson,
|d 1941-
|9 48926
|
| 700 |
1 |
|
|a North, Douglass C.
|q (Douglass Cecil)
|9 48927
|
| 852 |
|
|
|a Ayesha Abed Library
|c Akbar Ali Khan Collection
|
| 942 |
|
|
|2 ddc
|c BK
|
| 955 |
|
|
|a pb06 to sa00 10-25-95; se45/se02 10-25-95; se05 10-27-95; cip ver. sd06 12-12-96
|
| 952 |
|
|
|0 0
|1 0
|2 ddc
|4 0
|6 330_000000000000000_EMP
|7 1
|9 70795
|a BRACUL
|b BRACUL
|c CS1
|d 2022-06-05
|e Donated by Akbar Ali Khan
|l 0
|o 330 EMP
|p 3010038847
|r 2022-06-05
|t 1
|w 2022-06-05
|y BK
|